Cities Starting with X in Chinese Pinyin - Statistics

General Stats
  • This quiz has been taken 34 times
    33 since last reset
  • The average score is 6 of 7
Answer Stats
Hint Answer % Correct
Xīn Xīn Nà Tí Cincinati
92%
Xīn Jiā Pō Singapore
88%
Xià Luò Tè Charlotte
85%
Xiāng Gǎng Hong Kong
85%
Xī Yǎ Tú Seattle
81%
Xī Ní Sydney
81%
Xiū Sī Dùn Houston
65%
No matching quizzes found
Score Distribution
Percent of People with Each Score
Percentile by Number Answered
Your Score History
You have not taken this quiz since the last reset